| 000 | 01094nam a2200313 i 4500 | ||
|---|---|---|---|
| 003 | EG-GICUC | ||
| 005 | 20260430090033.0 | ||
| 008 | 260430s1940 ua |fr|||| 000 0 eng d | ||
| 040 |
_aEG-GiCUC _beng _cEG-GiCUC _dEG-GiCUC _erda |
||
| 041 | 1 | _aeng | |
| 082 | 0 | 4 |
_221 _a342.041 _bAL . B |
| 092 | 0 | 4 | _221 |
| 099 | _aLaw1 08 342.041 AL . B 1940 | ||
| 100 | 1 |
_aAlexander, A _eAuthor. |
|
| 245 | 1 | 0 |
_aThe British Constitution And The Government Of The Commonwealth Of Nations / _c By A. Alexander, M.a., L.l.m; With An Introduction Colonel Deneys Reitz; And A Foreword By H.e. Dr. Hafez Afifi Pasha. |
| 264 | 1 |
_aCairo : _bThe Anglo-egyptian Unio, _c1940. |
|
| 300 |
_a126 pages, _c24 cm. |
||
| 336 |
_2rda content _atext |
||
| 337 |
_2rda media _aComputer |
||
| 338 |
_2rda carrier _aOnline Resource |
||
| 504 | _a | ||
| 546 | _aText in English | ||
| 650 | 1 | 4 | _aConstitutional law |
| 700 | 0 |
_a Hafez Afifi Pasha _epresenter |
|
| 700 | 1 |
_aReitz, Colonel Deneys _epresenter |
|
| 856 | 4 | 0 | _uhttps://fll.law.cu.edu.eg/fulltext/bks/B08-00415.pdf |
| 905 | _a48 | ||
| 942 |
_2ddc _cBK _e21 _n0 |
||
| 999 |
_c74397 _d74397 |
||